000 04322cam a22012974i 4500
003 PE-LiUPU
005 20250813185439.0
008 150623s1997 mx a rb 000 0 spa d
020 _a9682403901
020 _a9789682403903
035 _a(Sirsi) i9789682403903
040 _aPE-LiUPU
_bspa
_cPE-LiUPU
_dPE-LiUPU
_erda
041 1 _aspa
_heng
049 _aPRUA
082 0 4 _a370.1523
_221
_bB592t
100 1 _aBigge, Morris L.,
_eautor.
245 1 0 _aTeorías de aprendizaje para maestros /
_cMorris L. Bigge ; traducción Agustin Contin.
250 _aPrimera edición.
264 1 _aMéxico :
_bTrillas,
_c1997.
300 _a414 páginas :
_bilustraciones ;
_c23 cm.
336 _atext
_2rdacontent
337 _aunmediated
_2rdamedia
338 _avolume
_2rdacarrier
504 _aBibliografía al final de cada capítulo.
505 0 _a¿Por qué es un problema el aprendizaje en las aulas? -- ¿Qué teorías antiguas del aprendizaje se reflejan en las prácticas escolares actuales? -- ¿Cuáles son las dos familias principales de teorías contemporáneas del aprendizaje? -- ¿Cómo describen el proceso de aprendizaje las dos familias de teorías contemporáneas del aprendizaje? -- ¿Cómo funciona el condicionamiento operante de Skinner? -- ¿Cómo trata al aprendizaje la teoría cuantitativa E-R de Spence? -- ¿Qué es psicología del campo? -- ¿Qué es la teoría del aprendizaje del campo cognoscitivo? -- ¿Cómo se transfiere el aprendizaje a nuevas situaciones? -- ¿Qué principios del aprendizaje aceptan comúnmente los psicólogos? -- ¿Qué relación tiene el aprendizaje con la enseñanza? -- ¿Cómo se relacionan las pruebas con la enseñanza y el aprendizaje?.
526 _aP202
526 _aP201
526 _aP163
526 _aP162
526 _aP161
526 _aP160
526 _aP148
526 _aP147
526 _aP146
526 _aP145
526 _aP144
526 _aP143
526 _aP142
526 _aP141
526 _aP140
526 _aP139
526 _aP138
526 _aP137
526 _aP136
526 _aP135
526 _aP134
526 _aP133
526 _aP129
526 _aP128
526 _aP127
526 _aP120
526 _aP119
526 _aP118
526 _aP116
526 _aP115
526 _aP114
526 _aP110
526 _aP109
526 _aP108
526 _aP104
526 _aP103
526 _aP102
526 _aP99
526 _aP98
526 _aP97
526 _aP96
526 _aP95
526 _aP93
526 _aP90
526 _aP89
526 _aP88
526 _aP83
526 _aP82
526 _aP62
526 _aP59
526 _aP58
526 _aP57
526 _aP51
526 _aP49
526 _aP48
526 _aP47
526 _aP29
526 _aP24
526 _aP20
526 _aP19
526 _aP17
526 _aP15
526 _aP14
526 _aP12
526 _aP10
526 _aP09
526 _aP08
526 _aP07
526 _aP06
526 _aP05
526 _aP04
526 _aP01
534 _pTítulo original :
_tLerning theories for teachers.
650 0 _aAprendizaje
_9226
650 0 _aPsicología del aprendizaje.
_9227
700 1 _aContin, Agustin,
_etraductor.
942 _2ddc
_cBOOK
949 _a372.611 B49
_wDEWEY
_c1
_iFJ05117
_lCCODEBUJ1
_mBUJ
_p40.00
_r0
_sY
_tBOOK
_u2015-10-5
_xEDUCACION
_0COMPRA
_o.STAFF. Colección General Juliaca
949 _a372.611 B49
_wDEWEY
_c1
_i44882
_lCCODEBUL1
_mBUL
_r0
_sY
_tBOOK
_u2015-6-24
_xEDUCACION
_zUNKNOWN
_0COMPRA
_o.STAFF. Colección General
949 _a375.5217304 B14
_wDEWEY
_c1
_i34350
_d2016-10-7
_e2016-10-6
_lCCODEBUL1
_mBUL
_n1
_r0
_sY
_tBOOK
_u2015-6-16
_xEDUCACION
_0COMPRA
_o.STAFF. Colección General
949 _a375.5217304 B14
_wDEWEY
_c2
_i35644
_lCCODEBUL1
_mBUL
_r0
_sY
_tBOOK
_u2015-4-23
_xEDUCACION
_0COMPRA
_o.STAFF. Colección General
949 _a375.5217304 B14
_wDEWEY
_c3
_i35643
_lCCODEBUL1
_mBUL
_r0
_sY
_tBOOK
_u2015-4-23
_xEDUCACION
_0COMPRA
_o.STAFF. Colección General
980 _81
_gALBERTO SANCHEZ Responsable de Automatización
999 _c32594
_d32594